00755nam a2200241 a 4500001001300000003000900013005001700022008004100039020002300080082002300103100002000126245005800146260004400204300000900248500003500257505001000292650003700302700002000339902000800359942000700367952012400374999001500498nice12345678IN_TiNIC20260116013048.0050524s1985 newa grp 000 0 eng  a0300153 c29400a320.550917671bSIV aSivan, Emmanuel aRadical Islamb Medieval Theology and Modern Politics aNew HavenbYale University Press c1985 a238p aincludes index and biblioraphy2 aIndex aReligious Fundamentalism-Islamic1 aSivan, Emmanuel bSRS cBK 001040708StackRoom-aHMIbHMId2007-04-05g294.00l0o320.550917671 SIVp018967r2007-04-05v294.00w2005-05-24yBK c9490d9490